Stati per Copertura assicurativa sanitaria - Statistics

Statistiche generali
  • Questo quiz è stato fatto 9 volte
  • Il punteggio medio è 18 su 21
Statistiche sulle risposte
Popolazione coperta da assicurazione sanitaria (%) Continente Nazione % Corretto
100 Oceania Australia
100%
100 America del Nord Canada
100%
100 Europa Finlandia
100%
100 Asia Giappone
100%
100 Europa Italia
100%
100 Europa Norvegia
100%
100 Europa Regno Unito
100%
100 Africa Sudafrica
100%
100 Europa Svezia
100%
100 Europa Svizzera
100%
100 Asia Corea del Sud
86%
100 Europa Grecia
86%
100 Europa Islanda
86%
100 Oceania Nuova Zelanda
86%
100 Europa Portogallo
86%
100 Europa Slovenia
86%
100 Europa Ungheria
86%
100 Europa Danimarca
71%
100 Europa Repubblica Ceca
71%
100 Asai Israele
29%
100 Europa Iralnda
0%
Nessun quiz corrispondente trovato
Distribuzione punteggi
Percentuale di utenti per punteggio
Percentile per numero di risposta
I tuoi punteggi nel tempo
Non hai fatto questo quiz